000 00472nam a2200157Ia 4500
008 210716s2014 xx 000 0 und d
020 _a9788126544134
041 _aeng
082 _a374.22 WEBL
100 _aWebb, Liggy.
245 _aResilience: how to cope when everything around you keeps changing.
_bHow to cope when everything around you keeps changing.
250 _a1
260 _aNew Delhi
_bWILEY
_c2014
300 _axxii,176
650 _aGeneral Knowledge
999 _c208698
_d208698